000 00305nam a22001337a 4500
008 181030b xxu||||| |||| 00| 0 eng d
020 _a0815188900
041 _aeng
080 _a616
100 _a9
101 _aPAT
245 _aCytopatology Female Tract Neoplanism
_cDueller.l.d
942 _2udc
_cBK
999 _c51074
_d51074